Sugar Talking (Lyrics)- Sabrina Carpenter - Statistics

General Stats
  • This quiz has been taken 78 times
  • The average score is 180 of 213
Answer Stats
Answer % Correct
sugar
100%
talking
100%
you
100%
You
100%
your
100%
Your
100%
a
97%
A
97%
I
97%
is
97%
to
97%
where
97%
me
94%
mouth
94%
Put
94%
so
94%
do
91%
isn't
91%
tonight
91%
working
91%
And
88%
and
88%
Get
88%
it
88%
loving
88%
mean
88%
mine
88%
sorry
88%
that
88%
Yeah
88%
You're
88%
you're
88%
ass
84%
man
84%
paragraphs
84%
Say
84%
shit
84%
Big
81%
big
81%
if
81%
need
81%
oh
81%
want
81%
baby
78%
Boy
78%
doubt
78%
last
78%
miss
78%
said
78%
tell
78%
for
75%
my
75%
prize?
75%
Saying
75%
saying
75%
whole
75%
But
72%
but
72%
changed
72%
It's
72%
mind
72%
money
72%
of
72%
The
72%
the
72%
week
72%
with
72%
cry
69%
flowers
69%
makin'
69%
stop
69%
apartment
66%
die
66%
heart
66%
filled
63%
many
63%
nothing?
63%
Save
63%
these
63%
times
63%
what
63%
chance
59%
havin'
59%
honey
59%
one
59%
tired
59%
word
59%
aren't
56%
breaks
56%
lot
56%
only
56%
real
56%
small
56%
epiphanies
53%
first
50%
open
47%
seventh
47%
up
47%
verbatim
44%
wallet
41%
flag
38%
No matching quizzes found
Score Distribution
Percent of People with Each Score
Percentile by Number Answered
Your Score History
You have not taken this quiz